MARC

LEADER 00000nam0a2200000 4500
001 350974
005 20231102010346.0
035 |a (RuTPU)RU\TPU\retro\5373 
090 |a 350974 
100 |a 20190318d1932 km y0rusy50 ca 
101 0 |a rus 
102 |a RU 
105 |a a z 001zy 
200 1 |a Электрическая дуга  |f Г. Т. Третьяк 
210 |a Ленинград  |a Москва  |c Государственное энергетическое изд-во  |d 1932 
215 |a 159 с.  |c ил. 
225 1 |a Аппаратура распределительных устройств высокого напряжения  |v Вып. 1 
316 |5 63413507: КР-6322  |a На обложке владельческая подпись: "А. Воробьев" 
317 |5 63413507: КР-6322  |a Поступила в НТБ в 1987 г. в дар от вдовы ученого Е. К. Завадовской 
320 |a Указатель литературы: с. 158-159 
606 1 |a Электрическая дуга  |2 stltpush  |3 (RuTPU)RU\TPU\subj\26837  |9 50678 
610 1 |a электротехника 
610 1 |a технические данные 
610 1 |a постоянный электрический ток 
610 1 |a выключатели 
610 1 |a гашение 
610 1 |a молекулярная физика 
610 1 |a электронная теория 
610 1 |a высокие напряжения 
610 1 |a библиотека А. А. Воробьева 
610 1 |a дары библиотеке 
610 1 |a владельческая надпись 
675 |a 621.3.014  |v 4 
700 1 |a Третьяк  |b Г. Т. 
801 1 |a RU  |b 63413507  |c 20190318 
801 2 |a RU  |b 63413507  |c 20200603  |g RCR 
942 |c BK